The Old Man and the Sea (Record no. 346871)
[ view plain ]
| 000 -LEADER | |
|---|---|
| fixed length control field | 00252 a2200097 4500 |
| 082 ## - DEWEY DECIMAL CLASSIFICATION NUMBER | |
| Classification number | 813.52 HEM |
| 100 ## - MAIN ENTRY--PERSONAL NAME | |
| Personal name | Ernest Hemingway |
| 9 (RLIN) | 113467 |
| 245 ## - TITLE STATEMENT | |
| Title | The Old Man and the Sea |
| 260 ## - PUBLICATION, DISTRIBUTION, ETC. | |
| Place of publication, distribution, etc. | New Kitab Mahal |
| Name of publisher, distributor, etc. | Lahore |
| Date of publication, distribution, etc. | 2000 |
| 942 ## - ADDED ENTRY ELEMENTS (KOHA) | |
| Institution code [OBSOLETE] | NBS |
| Koha item type | Book |
| Call number prefix | 813.52 HEM |
| Source of classification or shelving scheme | |
| Withdrawn status | Lost status | Damaged status | Not for loan | Permanent Location | Current Location | Date acquired | Total Checkouts | Full call number | Barcode | Date last seen | Date last checked out | Price effective from | Koha item type |
|---|---|---|---|---|---|---|---|---|---|---|---|---|---|
| Central Library (CL) | Central Library (CL) | 08/28/2013 | 3 | 813.52 HEM | NBS2089 | 11/11/2024 | 10/24/2024 | 08/28/2013 | Book |
